| 000 | 00722nam a22002057a 4500 | ||
|---|---|---|---|
| 999 |
_c19969 _d19969 |
||
| 003 | AR-CdUCM | ||
| 008 | 190524b ||||| |||| 00| 0 spa d | ||
| 040 |
_aMUNICIPALIDAD PROVINCIAL DEL CUSCO _cBIBLIOTECA MUNICIPAL DEL CUSCO |
||
| 082 |
_a838.91 / _bC21 _22ed. |
||
| 100 |
_aCambours Ocampo, Aruro _941780 |
||
| 245 | _aPoemas para la vigilia del hombre / | ||
| 260 |
_aBuenos Aires : _bEl Ateneo, _c1940. |
||
| 300 |
_a76 páginas _c25 cm. _bDibujos |
||
| 505 | _aContenido: Dialogo con O. V. de Milosz -- Dialogo con Paul Eluard -- Dialogo con Julio Laforgue... | ||
| 650 |
_aPoema _96104 |
||
| 650 |
_aArgentina _9511 |
||
| 650 |
_aNoches desgarradas _941781 |
||
| 942 |
_2ddc _cLIBROS |
||
| 945 |
_aJavier _d2019-05-24 |
||